Social science history official journal of the Social Science History Association.
| Corporate Authors: | , |
|---|---|
| Format: | Electronic Journal |
| Language: | English |
| Published: |
Pittsburgh, PA :
University Center for International Studies, University of Pittsburgh,
©1976-
Durham, NC : Duke University Press Beverly Hills, CA : Sage Publications [Cambridge, UK] : Cambridge University Press |
| Subjects: | |
| Online Access: | Full text available from Research Library: 01/01/1998 to 1 year ago |
MARC
| LEADER | 00000nas a2200000 a 4500 | ||
|---|---|---|---|
| 001 | ssj0009480 | ||
| 003 | WaSeSS | ||
| 005 | 20200512172242.0 | ||
| 006 | m d | ||
| 007 | cr n | ||
| 008 | 990922c19769999xxkqr p s 0 a0eng c | ||
| 010 | |a sn 99004904 | ||
| 015 | |a GBB764830 |2 bnb | ||
| 016 | 7 | |a 2010871-0 |2 DE-600 | |
| 016 | 7 | |a 018166439 |2 Uk | |
| 022 | |a 1527-8034 |l 0145-5532 |y 0145-5532 | ||
| 035 | |a (WaSeSS)ssj0009480 | ||
| 037 | |b Project Muse, The Johns Hopkins University Press, 2715 N. Charles Street, Baltimore, Maryland 21211 | ||
| 040 | |a JHE |b eng |c JHE |d NSD |d JHE |d OCLCQ |d EYM |d OCLCQ |d F#A |d OCLCS |d EEM |d OCLCQ |d TXA |d OCLCQ |d OCLCF |d OCLCO |d VT2 |d OCLCQ |d DEBBG |d DLC |d OCLCQ |d WT2 |d NLE |d EZC |d GILDS |d OCLCO |d NTG |d OCLCQ |d WYU |d UKMGB |d OCLCQ |d OCLCO |d WaSeSS | ||
| 042 | |a nsdp |a pcc | ||
| 050 | 1 | 4 | |a H1 |b .S612 |
| 082 | 1 | 0 | |a 300 |2 13 |
| 130 | 0 | |a Social science history (Online) | |
| 210 | 0 | |a Soc. sci. hist. |b (Online) | |
| 222 | 0 | |a Social science history |b (Online) | |
| 245 | 1 | 0 | |a Social science history |h [electronic resource] : |b official journal of the Social Science History Association. |
| 260 | |3 1976-winter 1979 : |a Pittsburgh, PA : |b University Center for International Studies, University of Pittsburgh, |c ©1976- | ||
| 260 | 2 | |3 1985-2016 : |a Durham, NC : |b Duke University Press | |
| 260 | 2 | |3 Oct. 1979-1984 : |a Beverly Hills, CA : |b Sage Publications | |
| 260 | 3 | |3 2016- : |a [Cambridge, UK] : |b Cambridge University Press | |
| 310 | |a Quarterly | ||
| 362 | 1 | |a Began with: Vol. 1, no. 1 (fall 1976). | |
| 506 | |a License restrictions may limit access. | ||
| 515 | |a Some numbers issued in combined form. | ||
| 538 | |a Mode of access: World Wide Web. | ||
| 550 | |a The official journal of the Social Science History Association. | ||
| 588 | 0 | |a Vol. 1, no. 1 (fall 1976); title from PDF title page (JSTOR, viewed Aug. 30, 2011). | |
| 588 | 1 | |a Vol. 40, no. 4 (January 2016) (Project Muse, viewed April 6, 2017). | |
| 650 | 0 | |a Social sciences |v Periodicals. | |
| 650 | 7 | |a Social sciences. |2 fast |0 (OCoLC)fst01122877 | |
| 655 | 0 | |a Electronic journals. | |
| 710 | 2 | |a Social Science History Association. | |
| 710 | 2 | |a University of Pittsburgh. |b University Center for International Studies. | |
| 776 | 0 | 8 | |i Print version: |t Social science history |x 0145-5532 |w (DLC) 77640161 |w (OCoLC)2761258 |
| 856 | 4 | 0 | |z Full text available from Research Library: 01/01/1998 to 1 year ago |u https://search.proquest.com/publication/4976 |